| 000 | 00701nam a2200229 a 4500 | ||
|---|---|---|---|
| 005 | 20240203063606.0 | ||
| 008 | 080514s1984 mx r 000 0 spa d | ||
| 020 | _a0080309712 | ||
| 035 | _aUPN01000155898 | ||
| 049 | _aCG | ||
| 050 | 4 |
_aQP34.5 _bB5.7 |
|
| 100 | 1 | _aBleier, Ruth | |
| 245 | 1 | 0 |
_aScience and gender : _ba critique of biology and its theories on women / _cRuth Bleier. |
| 260 |
_aNew York : _bPergamon press, _cc1984. |
||
| 300 | _axii, 220 p. | ||
| 440 | 4 | _aThe athene series | |
| 650 | 4 |
_aMUJERES - _xFISIOLOGIA - _xFILOSOFIA _910089 |
|
| 650 | 4 |
_aBIOLOGIA HUMANA _94938 |
|
| 650 | 4 |
_aDiscriminación sexual contra la mujer _95666 |
|
| 650 | 4 |
_aFeminismo _98967 |
|
| 905 | _aLibro | ||
| 999 |
_c128012 _d128012 |
||